[Event "NK Senioren 2024"]
[Site "Dieren, Netherlands"]
[Date "2024.07.18"]
[Round "6"]
[White "Ellenbroek, Ton"]
[Black "Jonkman, Fokke"]
[Result "0-1"]
[WhiteElo "2037"]
[BlackElo "1996"]
[PlyCount "150"]
[EventDate "2024.??.??"]

1. d4 c5 2. d5 g6 3. e4 Bg7 4. c4 d6 5. Be2 Nf6 6. Nc3 e6 7. Be3 exd5 8. cxd5
O-O 9. Nf3 Ng4 10. Bg5 Qb6 11. Qb3 f6 12. Bh4 Qxb3 13. axb3 Na6 14. O-O Nc7 15.
Nd2 Rd8 16. Nc4 Ne5 17. Na5 Nf7 18. Bg3 Bf8 19. f4 a6 20. Nc4 b5 21. Nb6 Rb8
22. Nxc8 Rdxc8 23. Bg4 Re8 24. Be6 Nxe6 25. dxe6 Rxe6 26. Rxa6 Kg7 27. f5 Ree8
28. fxg6 hxg6 29. Nd5 Re6 30. Ra7 g5 31. h4 gxh4 32. Bxh4 Rxe4 33. Rxf6 Rxh4
34. Raxf7+ Kg8 35. Rd7 Rh6 36. Rff7 Kh8 37. Nf6 Bg7 38. Nd5 Bxb2 39. Rc7 Re8
40. Kf2 b4 41. Kf3 Be5 42. Ne3 Rf6+ 43. Rxf6 Bxf6 44. Ng4 Bd4 45. Nh6 Re3+ 46.
Kf4 Rxb3 47. Nf7+ Kg8 48. Nxd6 Bf2 49. Ne4 Bd4 50. g4 Rb1 51. Kf5 Rf1+ 52. Kg6
b3 53. Nd2 Rf6+ 54. Kh5 Rb6 55. g5 b2 56. Nb1 Re6 57. Na3 Be3 58. Rb7 Bd4 59.
Nc4 Re2 60. Kh6 Rh2+ 61. Kg6 Kf8 62. Nd6 Rh1 63. Rb8+ Ke7 64. Nf5+ Kd7 65. Nxd4
b1=Q+ 66. Rxb1 Rxb1 67. Ne2 Re1 68. Nc3 Ke6 69. Nb5 Re3 70. Kh7 Kf5 71. g6 Kf6
72. g7 Rh3+ 73. Kg8 Rg3 74. Nd6 Rxg7+ 75. Kf8 Rg4 0-1

[Event "NK Senioren 2024"]
[Site "Dieren, Netherlands"]
[Date "2024.07.18"]
[Round "6"]
[White "Lootsma, Jan"]
[Black "Van Wageningen, Arie"]
[Result "1-0"]
[WhiteElo "1963"]
[BlackElo "2017"]
[PlyCount "123"]
[EventDate "2024.??.??"]

1. e4 e6 2. d4 d5 3. e5 c5 4. c3 Nc6 5. Nf3 Qb6 6. a3 a5 7. Bd3 Bd7 8. Bc2 cxd4
9. cxd4 Nge7 10. Nc3 Na7 11. O-O Rc8 12. Re1 h6 13. h4 Nec6 14. Qd3 Be7 15. b3
Qd8 16. h5 b5 17. Ne2 Rc7 18. Bd2 Bc8 19. Rec1 Ba6 20. Qe3 Qc8 21. Ra2 Kd7 22.
Nf4 Qf8 23. Rca1 Qb8 24. Bd3 Qb6 25. b4 Rhc8 26. Rb2 axb4 27. axb4 Nb8 28. Ne2
Nac6 29. Nc1 Ke8 30. Ne2 Na7 31. Kh2 Bb7 32. Rg1 Na6 33. g4 Kd7 34. Nf4 Nc6 35.
Rgb1 Rf8 36. Kh3 Rcc8 37. Qe2 Nc7 38. Qe3 Ra8 39. Bc2 Ra7 40. Nd3 Kd8 41. Nc5
Nb8 42. Rg1 Nd7 43. g5 hxg5 44. Nxg5 Nxc5 45. bxc5 Qa6 46. Bb4 Bc6 47. Qf4 Be8
48. Nh7 Rg8 49. Nf6 g5 50. Rxg5 Rxg5 51. Qxg5 Qa1 52. Rb1 Qxd4 53. Qe3 Qc4 54.
Bd3 Qa2 55. h6 Na6 56. h7 Nxb4 57. Rxb4 Ra3 58. h8=Q Bxf6 59. Qxf6+ Kc8 60. Qe7
Bd7 61. c6 Bxc6 62. Qf8+ 1-0

[Event "NK Senioren 2024"]
[Site "Dieren, Netherlands"]
[Date "2024.07.18"]
[Round "6"]
[White "Etmans, Maarten"]
[Black "Ten Ham, John"]
[Result "1/2-1/2"]
[WhiteElo "1954"]
[BlackElo "1954"]
[PlyCount "41"]
[EventDate "2024.??.??"]

1. e4 c5 2. Nf3 d6 3. Bb5+ Bd7 4. Bxd7+ Qxd7 5. O-O Nf6 6. Qe2 Nc6 7. c3 e6 8.
d4 cxd4 9. cxd4 d5 10. e5 Ng8 11. b3 Nge7 12. Ba3 Ng6 13. Bxf8 Nxf8 14. Nc3 a6
15. Na4 Qe7 16. Rac1 Nd7 17. Rfe1 O-O 18. Rc3 Rfc8 19. Rec1 Qd8 20. Qd2 Na7 21.
Rxc8 1/2-1/2

[Event "NK Senioren 2024"]
[Site "Dieren, Netherlands"]
[Date "2024.07.18"]
[Round "6"]
[White "Knuiman, Jan"]
[Black "Helmond, Frans"]
[Result "1-0"]
[WhiteElo "1998"]
[BlackElo "1957"]
[PlyCount "101"]
[EventDate "2024.??.??"]

1. e4 c5 2. f4 d5 3. exd5 Nf6 4. Bb5+ Nbd7 5. Nc3 a6 6. Bxd7+ Qxd7 7. Nf3 Nxd5
8. Nxd5 Qxd5 9. O-O g6 10. d4 Bg7 11. Be3 Bg4 12. dxc5 Qe4 13. Qd3 Bxf3 14.
Rxf3 Qxd3 15. cxd3 O-O-O 16. d4 Rd5 17. Rd1 Rhd8 18. b4 e6 19. a3 Kc7 20. Kf1
Kc6 21. g4 Bxd4 22. Bxd4 Rxd4 23. Re1 Rd3 24. Ree3 Rd1+ 25. Kf2 R8d2+ 26. Kg3
Rg1+ 27. Kh4 h6 28. h3 Kb5 29. f5 gxf5 30. Kh5 Rd7 31. gxf5 Rg5+ 32. Kxh6 Rxf5
33. Rxf5 exf5 34. Kg5 a5 35. Rc3 axb4 36. axb4 Kxb4 37. c6 f6+ 38. Kg6 bxc6 39.
Rxc6 Rd3 40. h4 f4 41. Rxf6 f3 42. h5 Kc3 43. Kg5 Kd4 44. h6 Ke4 45. Kg4 Ke5
46. Rf8 Rd1 47. Re8+ Kf6 48. h7 Rh1 49. h8=Q+ Rxh8 50. Rxh8 f2 51. Rf8+ 1-0

[Event "NK Senioren 2024"]
[Site "Dieren, Netherlands"]
[Date "2024.07.18"]
[Round "6"]
[White "Visser, Gerrit"]
[Black "Wille, Erik"]
[Result "1-0"]
[WhiteElo "1960"]
[BlackElo "1901"]
[PlyCount "25"]
[EventDate "2024.??.??"]

1. e4 e6 2. d4 d5 3. Nc3 Bb4 4. e5 c5 5. a3 Bxc3+ 6. bxc3 Ne7 7. Nf3 Bd7 8. h4
Ba4 9. h5 h6 10. Rb1 Qd7 11. dxc5 Nbc6 12. Rh4 Na5 13. Rxa4 1-0

[Event "NK Senioren 2024"]
[Site "Dieren, Netherlands"]
[Date "2024.07.18"]
[Round "6"]
[White "Massink, Henk"]
[Black "Janssen, Toon"]
[Result "0-1"]
[WhiteElo "1924"]
[BlackElo "1944"]
[PlyCount "56"]
[EventDate "2024.??.??"]

1. b3 Nf6 2. Bb2 g6 3. e4 d6 4. g3 Bg7 5. Bg2 O-O 6. Ne2 e5 7. O-O Nc6 8. d3
Ng4 9. h3 Nh6 10. Nd2 f5 11. f4 Bd7 12. Nf3 Qe7 13. Ng5 Nf7 14. Nxf7 Rxf7 15.
exf5 gxf5 16. Re1 Re8 17. fxe5 dxe5 18. Kh2 Qg5 19. Bc1 Qg6 20. Rf1 Kh8 21. c3
Nd8 22. Qd2 Ne6 23. Ba3 Bh6 24. Qe1 Rg7 25. Bc1 Nf4 26. Bxf4 exf4 27. Qf2 fxg3+
28. Qxg3 Rxe2 0-1

[Event "NK Senioren 2024"]
[Site "Dieren, Netherlands"]
[Date "2024.07.18"]
[Round "6"]
[White "Goris, Ton"]
[Black "Perrenet, Jacob"]
[Result "1-0"]
[WhiteElo "1917"]
[BlackElo "1970"]
[PlyCount "83"]
[EventDate "2024.??.??"]

1. e4 d5 2. exd5 Nf6 3. Nf3 Qxd5 4. Nc3 Qh5 5. d4 Bg4 6. Be2 Nc6 7. O-O O-O-O
8. h3 e5 9. Nxe5 Nxe5 10. Bxg4+ Nexg4 11. hxg4 Nxg4 12. Bf4 Bd6 13. Qf3 a6 14.
Rad1 f5 15. Rfe1 Rhf8 16. Bxd6 Rxd6 17. Qh3 Qg5 18. f3 Rh6 19. Qg3 Qh5 20. Qh3
Qf7 21. Qg3 Nf6 22. Qe5 Qh5 23. Qf4 Ne8 24. Nd5 Nd6 25. c4 g5 26. Qe5 g4 27.
Qg7 Rf7 28. Qg8+ Kd7 29. c5 Qh2+ 30. Kf2 g3+ 31. Ke3 Rg6 32. Qb8 Kc6 33. Nb4+
Kb5 34. cxd6 c5 35. Nd5 Re6+ 36. Kd3 c4+ 37. Kc3 Qh6 38. Rxe6 Qxe6 39. Nc7+
Rxc7 40. Qxc7 b6 41. Qe7 Qh6 42. d7 1-0

[Event "NK Senioren 2024"]
[Site "Dieren, Netherlands"]
[Date "2024.07.19"]
[Round "7"]
[White "Van Rijn, Anton"]
[Black "Van Oosten, Arend"]
[Result "0-1"]
[WhiteElo "2208"]
[BlackElo "2031"]
[PlyCount "88"]
[EventDate "2024.??.??"]

1. Nf3 e6 2. c4 b6 3. g3 Bb7 4. Bg2 f5 5. Nc3 Nf6 6. O-O Be7 7. Qc2 O-O 8. d4
Ne4 9. Ne1 d5 10. cxd5 exd5 11. Qb3 Kh8 12. Nd3 c6 13. Qc2 Bf6 14. e3 Nd7 15.
Ne2 Rc8 16. Rb1 Qe8 17. Re1 g5 18. f3 Nd6 19. Nf2 c5 20. dxc5 bxc5 21. b3 Qe6
22. Qd2 Rfe8 23. Nd3 Kg8 24. Kf2 Ba6 25. Bb2 Bxd3 26. Qxd3 Bxb2 27. Rxb2 Ne5
28. Qd2 c4 29. Rbb1 Nd3+ 30. Kf1 Qxe3 31. Qxe3 Rxe3 32. Red1 c3 33. Nxc3 Rxc3
34. Rd2 f4 35. Rbd1 Nf5 36. Bh3 Nd4 37. Bg4 Nxf3 38. Bxf3 Rxf3+ 39. Kg2 Re3 40.
Rf1 f3+ 41. Kg1 g4 42. Rfd1 Kf7 43. Rf1 Ke6 44. h3 Re2 0-1

[Event "NK Senioren 2024"]
[Site "Dieren, Netherlands"]
[Date "2024.07.19"]
[Round "7"]
[White "Bottema, Tom"]
[Black "Homs, Guust"]
[Result "0-1"]
[WhiteElo "2140"]
[BlackElo "2142"]
[PlyCount "151"]
[EventDate "2024.??.??"]

1. g3 d5 2. Bg2 Nf6 3. c3 c6 4. d4 Bf5 5. Nd2 Nbd7 6. Qb3 Qb6 7. Ngf3 h6 8. O-O
e6 9. c4 dxc4 10. Qxc4 Qb4 11. a3 Qxc4 12. Nxc4 Be4 13. Bf4 Be7 14. Nd6+ Bxd6
15. Bxd6 Nb6 16. Rfc1 Rd8 17. Bc5 Nfd7 18. Bb4 Nd5 19. Ba5 Rc8 20. Bf1 Bxf3 21.
exf3 Ke7 22. f4 g6 23. Bg2 h5 24. Bd2 N7f6 25. h3 Kd7 26. Bf3 Ne8 27. a4 Nd6
28. g4 hxg4 29. hxg4 Rh4 30. Kg2 Rch8 31. Rh1 Nc4 32. Rxh4 Rxh4 33. Kg3 Nxd2
34. Bxd5 Rh8 35. Bg2 Ke7 36. Rd1 Nc4 37. b3 Nb6 38. b4 Nd5 39. b5 Rc8 40. Rc1
Kd7 41. bxc6+ Rxc6 42. Rb1 Rb6 43. Rxb6 Nxb6 44. Bxb7 Nxa4 45. Ba6 Nc3 46. f5
gxf5 47. gxf5 exf5 48. Kf4 Ke6 49. f3 Kf6 50. Ke3 Nd5+ 51. Kd2 Ke7 52. Bc8 f4
53. Kd3 Kd6 54. Bb7 Nb4+ 55. Kc4 Nc6 56. Ba6 f6 57. Bc8 Ne7 58. Bb7 Nf5 59. Ba6
Kc6 60. Bb5+ Kd6 61. Ba6 Ne3+ 62. Kd3 Nd5 63. Ke4 Nb4 64. Bc4 a5 65. Kxf4 Nc2
66. Ke4 a4 67. Kd3 Nb4+ 68. Ke4 a3 69. Kf5 Ke7 70. Kg6 a2 71. Bxa2 Nxa2 72. d5
Nb4 73. d6+ Ke6 74. d7 Nc6 75. f4 f5 76. Kg7 0-1

[Event "NK Senioren 2024"]
[Site "Dieren, Netherlands"]
[Date "2024.07.19"]
[Round "7"]
[White "Leenes, Robert"]
[Black "Bus, Tom"]
[Result "0-1"]
[WhiteElo "2100"]
[BlackElo "2075"]
[PlyCount "66"]
[EventDate "2024.??.??"]

1. d4 Nf6 2. Nc3 d5 3. Bg5 h6 4. Bh4 c5 5. e3 cxd4 6. exd4 Nc6 7. Nf3 Bg4 8.
Be2 e6 9. h3 Bxf3 10. Bxf3 Qb6 11. Ne2 Be7 12. O-O O-O 13. b3 Rfd8 14. c3 Rac8
15. Rc1 g5 16. Bg3 h5 17. Kh1 g4 18. Nf4 gxf3 19. Qxf3 Qa6 20. Rce1 Re8 21.
Nxh5 Nxh5 22. Qxh5 Bf6 23. f4 Qd3 24. Bh2 Qg6 25. Qe2 Kh7 26. g4 Bh4 27. Rd1
Qe4+ 28. Qxe4+ dxe4 29. f5 e3 30. fxe6 e2 31. Rxf7+ Kg6 32. Rc1 Rxe6 33. Rxb7
Nxd4 0-1

[Event "NK Senioren 2024"]
[Site "Dieren, Netherlands"]
[Date "2024.07.19"]
[Round "7"]
[White "Van den Dikkenberg, Erik"]
[Black "Dijkstra, Matthijs"]
[Result "1-0"]
[WhiteElo "2110"]
[BlackElo "1981"]
[PlyCount "51"]
[EventDate "2024.??.??"]

1. d4 f5 2. Nc3 Nf6 3. Bg5 d5 4. e3 e6 5. Nf3 Be7 6. Bd3 Nbd7 7. O-O O-O 8. Ne2
Ne4 9. Bxe7 Qxe7 10. c4 c6 11. Qc2 Kh8 12. Rab1 dxc4 13. Bxe4 fxe4 14. Qxe4 Qf6
15. Rbc1 Nb6 16. Ne5 Qf5 17. Qh4 Qf6 18. Qg3 Qf5 19. f3 a5 20. e4 Qf6 21. Nxc4
Nxc4 22. Rxc4 e5 23. Qxe5 Qxe5 24. dxe5 Be6 25. Rc5 Bxa2 26. Ra1 1-0

[Event "NK Senioren 2024"]
[Site "Dieren, Netherlands"]
[Date "2024.07.19"]
[Round "7"]
[White "Jonkman, Fokke"]
[Black "Hazenberg, Frans"]
[Result "1-0"]
[WhiteElo "1996"]
[BlackElo "1947"]
[PlyCount "52"]
[EventDate "2024.??.??"]

1. c4 c5 2. Nf3 g6 3. e4 Bg7 4. d4 cxd4 5. Nxd4 Nc6 6. Be3 Nf6 7. Nc3 O-O 8.
Be2 d6 9. O-O Bd7 10. Qd2 Ng4 11. Bxg4 Bxg4 12. f4 Bd7 13. Nf3 Rc8 14. Rac1 Re8
15. Rfd1 Bg4 16. Qf2 Qa5 17. a3 Qh5 18. Rd5 e5 19. Ne2 Bxf3 20. gxf3 Qh3 21.
Rxd6 exf4 22. Nxf4 Qh6 23. Nxg6 Qh5 24. Nf4 Qe5 25. Rd2 Na5 26. Rd5 Qxb2 1-0

[Event "NK Senioren 2024"]
[Site "Dieren, Netherlands"]
[Date "2024.07.19"]
[Round "7"]
[White "Veenstra, Wopke"]
[Black "Lootsma, Jan"]
[Result "1/2-1/2"]
[WhiteElo "1961"]
[BlackElo "1963"]
[PlyCount "85"]
[EventDate "2024.??.??"]

1. e4 e6 2. d4 d5 3. Nc3 Bb4 4. e5 c5 5. Qg4 g6 6. dxc5 Nc6 7. Bd2 Bxc5 8. Nf3
f5 9. Qf4 a6 10. h4 h6 11. Qg3 Nge7 12. O-O-O b5 13. Be3 Qb6 14. Bxc5 Qxc5 15.
Ne2 Bd7 16. Nfd4 Rg8 17. Qe3 Nxd4 18. Nxd4 Qc7 19. f4 O-O-O 20. Qa3 Nc6 21.
Qxa6+ Qb7 22. Nxb5 Qxa6 23. Nd6+ Kc7 24. Bxa6 Ra8 25. Be2 Rxa2 26. Nb5+ (26. c4
Nb4 27. Kd2 (27. cxd5 Nxd5)) 26... Kb6 27. Na3 Ra1+ 28. Kd2 Rxd1+ 29. Bxd1 Kc5
30. c3 Bc8 31. b4+ Kb6 32. Bf3 g5 33. hxg5 hxg5 34. g3 gxf4 35. gxf4 Rg3 36.
Ke3 Bb7 37. Kf2 Rg8 38. Nc2 Ra8 39. Ra1 Rh8 40. Ke3 Rh3 41. Rh1 Rg3 42. Kf2 Rg8
43. Rh6 1/2-1/2

[Event "NK Senioren 2024"]
[Site "Dieren, Netherlands"]
[Date "2024.07.19"]
[Round "7"]
[White "Hageman, Ger"]
[WhiteElo "1925"]
[Black "Schouten, Nico"]
[BlackElo "2094"]
[Result "1-0"]

1. d4 Nf6 2. c4 g6 3. Nc3 Bg7 4. e4 d6 5. Nf3 O-O 6. Be2 e5 7. d5 Nbd7 8. Be3
Ng4 9. Bg5 f6 10. Bd2 f5 11. exf5 gxf5 12. h3 Ngf6 13. Ng5 Nc5 14. b4 Na6 15.
Rb1 Qe7 16. Qc1 Bd7 17. O-O Ne8 18. g4 Kh8 19. Rb3 Bf6 20. Kh2 Ng7 21. gxf5
Nxf5 22. Nge4 Nd4 23. Rb2 Rg8 24. Rg1 Rxg1 25. Qxg1 Rg8 26. Qf1 Nb8 27. Be3 Bf5
28. Ng3 Bg6 29. Bg4 Nd7 30. Nce4 Rf8 31. Qd1 Bg7 32. Bh5 Bxh5 33. Nxh5 Nf3+ 34.
Kg2 Qh4 35. Nhg3 Bh6 36. Rb3 Bxe3 37. Rxe3 Nd4 38. Qa4 Nb6 39. Qxa7 Qe7 40.
Qxb7 Nc2 41. Rc3 Ne1+ 42. Kf1 Nf3 43. c5 Qh4 44. cxb6 Qxh3+ 45. Ke2 Nd4+ 46.
Ke1 Qg2 47. bxc7 Qg1+ 48. Kd2 Rxf2+ 49. Nxf2 Qxf2+ 50. Kd3 1-0

[Event "NK Senioren 2024"]
[Site "Dieren, Netherlands"]
[Date "2024.07.19"]
[Round "7"]
[White "Beukema, Henk Jan"]
[Black "Schouten, Henk"]
[Result "1/2-1/2"]
[WhiteElo "1971"]
[BlackElo "2068"]
[PlyCount "34"]
[EventDate "2024.??.??"]

1. d4 Nf6 2. Bf4 d5 3. e3 e6 4. Bd3 b6 5. c3 Be7 6. Nd2 O-O 7. h3 c5 8. Ngf3
Ba6 9. Bxa6 Nxa6 10. Qe2 Nb8 11. e4 dxe4 12. Nxe4 Qd5 13. Nxf6+ Bxf6 14. dxc5
Qxc5 15. Be5 Nd7 16. Bxf6 Nxf6 17. O-O Rad8 1/2-1/2

[Event "NK Senioren 2024"]
[Site "Dieren, Netherlands"]
[Date "2024.07.19"]
[Round "7"]
[White "Boersma, Jan"]
[Black "Visser, Gerrit"]
[Result "1/2-1/2"]
[WhiteElo "2041"]
[BlackElo "1960"]
[PlyCount "45"]
[EventDate "2024.??.??"]

1. e4 c5 2. Nc3 Nc6 3. Bb5 g6 4. Bxc6 dxc6 5. d3 Bg7 6. Be3 b6 7. Nge2 Nf6 8.
h3 e5 9. O-O Nh5 10. Qd2 Be6 11. f4 exf4 12. Nxf4 Nxf4 13. Bxf4 Qd7 14. Kh1 c4
15. Rf3 O-O-O 16. Bg5 Rde8 17. Raf1 h6 18. Bf6 Bxf6 19. Rxf6 cxd3 20. cxd3 Rd8
21. R6f3 g5 22. Qc1 Kb7 23. Qe3 1/2-1/2

[Event "NK Senioren 2024"]
[Site "Dieren, Netherlands"]
[Date "2024.07.19"]
[Round "7"]
[White "Etmans, Maarten"]
[Black "Knuiman, Jan"]
[Result "1-0"]
[WhiteElo "1954"]
[BlackElo "1998"]
[PlyCount "67"]
[EventDate "2024.??.??"]

1. e4 d5 2. Nc3 dxe4 3. Nxe4 Nf6 4. Nxf6+ gxf6 5. d4 Nc6 6. Be3 a6 7. Nf3 Rg8
8. g3 Bf5 9. c3 e6 10. Bg2 Be4 11. O-O Be7 12. Qe2 f5 13. Rfd1 Bd6 14. Ne1 Bxg2
15. Nxg2 Qf6 16. Bf4 O-O-O 17. Bxd6 cxd6 18. f4 Ne7 19. c4 Ng6 20. b4 Rd7 21.
a4 Rgd8 22. Ne3 Qg7 23. Kh1 Ne7 24. b5 e5 25. bxa6 bxa6 26. c5 Ra7 27. cxd6
Rxd6 28. dxe5 Rc6 29. Qd3 Qf8 30. Nxf5 Nxf5 31. Qxf5+ Kb8 32. Rab1+ Ka8 33. Qe4
Rac7 34. Rd6 1-0

[Event "NK Senioren 2024"]
[Site "Dieren, Netherlands"]
[Date "2024.07.19"]
[Round "7"]
[White "Ten Ham, John"]
[Black "Houweling, Bert"]
[Result "1/2-1/2"]
[WhiteElo "1954"]
[BlackElo "1980"]
[PlyCount "106"]
[EventDate "2024.??.??"]

1. d4 Nf6 2. c4 c5 3. e3 g6 4. Nf3 Bg7 5. Be2 O-O 6. O-O d6 7. Nc3 Bf5 8. b3
Nc6 9. Bb2 cxd4 10. Nxd4 Nxd4 11. exd4 Qd7 12. Qd2 Rac8 13. Bf3 a6 14. a4 b6
15. a5 Rb8 16. axb6 Rxb6 17. Bd1 Ne4 18. Qe3 Nxc3 19. Bxc3 d5 20. c5 Re6 21.
Qd2 Qb5 22. Re1 Rxe1+ 23. Qxe1 Re8 24. Ra5 Qd3 25. Be2 Qc2 26. Bxa6 Qxb3 27.
Rb5 Qa4 28. Ra5 Qb3 29. h3 Rb8 30. c6 Qb6 31. Rb5 Qa7 32. Rxb8+ Qxb8 33. Qxe7
Bf8 34. Qe5 Bd6 35. Qe1 Qb6 36. Bb7 Bc7 37. Qa1 Kg7 38. Qb2 Qa7 39. Qb3 Be6 40.
g4 h6 41. Kg2 Qb8 42. Bd2 Qd8 43. Qe3 g5 44. Bb4 Qf6 45. Qf3 Qd8 46. Qa3 Qf6
47. Bd6 Bxd6 48. Qxd6 Qxd4 49. c7 Qe4+ 50. Kh2 Qc2 51. Kg2 Qe4+ 52. Kg3 Qd3+
53. Kg2 Qe4+ 1/2-1/2

[Event "NK Senioren 2024"]
[Site "Dieren, Netherlands"]
[Date "2024.07.19"]
[Round "7"]
[White "Van Wageningen, Arie"]
[Black "Ellenbroek, Ton"]
[Result "0-1"]
[WhiteElo "2017"]
[BlackElo "2037"]
[PlyCount "108"]
[EventDate "2024.??.??"]

1. Nf3 g6 2. c4 Bg7 3. d4 d6 4. Nc3 e5 5. dxe5 dxe5 6. Qxd8+ Kxd8 7. e4 f6 8.
Be3 Nd7 9. Be2 c6 10. O-O Bh6 11. Bxh6 Nxh6 12. Rfd1 Nf7 13. h4 a5 14. a3 Kc7
15. b4 axb4 16. axb4 Rxa1 17. Rxa1 Nf8 18. c5 Ne6 19. Bc4 Rf8 20. Ra8 Nd4 21.
Na4 Nxf3+ 22. gxf3 Nd8 23. Nb6 Be6 24. Be2 Bd7 25. Ra7 f5 26. Ra2 fxe4 27. fxe4
Ne6 28. h5 gxh5 29. Bxh5 Nf4 30. Nxd7 Kxd7 31. Bg4+ Kc7 32. Bf5 h5 33. Rd2 Rd8
34. Rb2 Nd3 35. Rb3 Rd4 36. Kf1 Nxb4 37. Rg3 Nd3 38. Rg7+ Kb8 39. Re7 Rc4 40.
Ke2 Nf4+ 41. Kd2 Rxc5 42. Rh7 b5 43. Rg7 Rc4 44. Re7 Rc5 45. Rg7 b4 46. Rg1 Rc3
47. Rh1 c5 48. Bh7 Rb3 49. Bg8 Rb2+ 50. Ke3 Kc7 51. Bc4 Rc2 52. Bf7 b3 53. Rb1
c4 54. Bxc4 Rc3+ 0-1

[Event "NK Senioren 2024"]
[Site "Dieren, Netherlands"]
[Date "2024.07.19"]
[Round "7"]
[White "Poelstra, Ben"]
[Black "Vogel, Jaap"]
[Result "1/2-1/2"]
[WhiteElo "1974"]
[BlackElo "2020"]
[PlyCount "49"]
[EventDate "2024.??.??"]

1. e4 e6 2. d4 d5 3. e5 c5 4. c3 Nc6 5. Nf3 Bd7 6. Be2 Qc7 7. Bf4 Nge7 8. O-O
h6 9. h4 c4 10. b3 b5 11. Nbd2 Rb8 12. b4 a5 13. a3 Nf5 14. g4 Nxh4 15. Nxh4 g5
16. Bg3 gxh4 17. Bxh4 Rg8 18. f4 Qb6 19. Kh1 axb4 20. axb4 Nxb4 21. cxb4 Bxb4
22. Nb1 Bf8 23. Bf2 b4 24. Nd2 Qc7 25. Rc1 1/2-1/2

[Event "NK Senioren 2024"]
[Site "Dieren, Netherlands"]
[Date "2024.07.19"]
[Round "7"]
[White "Helmond, Frans"]
[Black "Janssen, Toon"]
[Result "1-0"]
[WhiteElo "1957"]
[BlackElo "1944"]
[PlyCount "63"]
[EventDate "2024.??.??"]

1. e4 e5 2. Nf3 Nc6 3. Bc4 Bc5 4. O-O Nf6 5. d3 d6 6. Nc3 Bg4 7. Na4 Bb6 8. c3
O-O 9. h3 Bh5 10. g4 Bg6 11. Bg5 Na5 12. Nxb6 axb6 13. Bb5 c6 14. Ba4 b5 15.
Bc2 b6 16. b4 Nb7 17. Bb3 h6 18. Bh4 h5 19. Nh2 hxg4 20. Nxg4 Kh8 21. Nxf6 gxf6
22. f4 Rg8 23. Kh2 Qe7 24. f5 Bh7 25. Qh5 d5 26. Qh6 Rg5 27. Bxg5 fxg5 28. f6
Qf8 29. Qxg5 dxe4 30. dxe4 Bxe4 31. Qh4+ Bh7 32. Bc2 1-0

[Event "NK Senioren 2024"]
[Site "Dieren, Netherlands"]
[Date "2024.07.19"]
[Round "7"]
[White "Massink, Henk"]
[Black "Goris, Ton"]
[Result "1-0"]
[WhiteElo "1924"]
[BlackElo "1917"]
[PlyCount "33"]
[EventDate "2024.??.??"]

1. b3 e5 2. Bb2 Nc6 3. e3 d6 4. Nf3 Nf6 5. d4 exd4 6. Nxd4 Nxd4 7. Qxd4 Be7 8.
Nc3 Bd7 9. f3 Bc6 10. O-O-O Rg8 11. e4 Nd7 12. Nd5 Bxd5 13. Qxd5 c6 14. Qh5 Qc7
15. Bc4 O-O-O 16. Bxf7 Rgf8 17. Bxg7 1-0

[Event "NK Senioren 2024"]
[Site "Dieren, Netherlands"]
[Date "2024.07.19"]
[Round "7"]
[White "Wille, Erik"]
[Black "Perrenet, Jacob"]
[Result "1-0"]
[WhiteElo "1901"]
[BlackElo "1970"]
[PlyCount "105"]
[EventDate "2024.??.??"]

1. d4 Nc6 2. e4 d5 3. e5 f6 4. f4 Nh6 5. Nf3 Bf5 6. Bb5 e6 7. O-O a6 8. Bd3 Be4
9. exf6 gxf6 10. c3 Qd7 11. Qe2 Bxd3 12. Qxd3 Nf5 13. Re1 O-O-O 14. b4 Rg8 15.
a4 Qg7 16. Qc2 Qg4 17. Qe2 e5 18. fxe5 fxe5 19. dxe5 Bxb4 20. cxb4 Nfd4 21.
Nxd4 Qxd4+ 22. Kh1 Qxa1 23. Na3 d4 24. b5 d3 25. Qd2 Nb8 26. Bb2 Qa2 27. Rc1
Qe6 28. Nc4 axb5 29. axb5 Nd7 30. Qa5 Nc5 31. b6 Qc6 32. Rg1 Ne4 33. h3 Ng3+
34. Kh2 Ne2 35. bxc7 Rdf8 36. Nd6+ Kd7 37. e6+ Kxd6 38. Qe5+ Ke7 39. Ba3+ Ke8
40. Qh5+ Rg6 41. Qxh7 Rxe6 42. Qg7 Rd6 43. c8=Q+ Qxc8 44. Bxd6 Rf7 45. Qg8+ Kd7
46. Qxf7+ Kxd6 47. Rf1 Qb8 48. g3 Kc5 49. Rf3 Qd6 50. Qxb7 Kd4 51. Qa7+ Kc3 52.
Qa1+ Kc2 53. Qa2+ 1-0